• 首页
  • 本馆介绍
  • 公告通知
  • 最新文献
  • 馆藏检索
  • 电子资源
  • 读者导购
  • 参考咨询
  • 我的图书馆
  • 登录
  • 详细信息显示
  • 放入我的书架
  • 预约/预借图书
  • 作者相关作品
  • 分类相关作品
  • 丛书相关作品
  • 出版社相关作品

书目信息

  • 表格格式
  • 工作单格式
  • 卡片格式
题名:
电子元器件的选择与应用
    
 
作者: 日三宅和司 著 ;张秀琴 译
分册:  
出版信息: 北京   科学出版社  2006
页数: 174页
开本: 20cm
丛书名:
单 册:
中图分类: TM54:TM53
科图分类:
主题词: 电阻器 , 电位器
电子资源:
ISBN: 978-7-03-016506-0
000 00659nam0 2200205 450
001 0735592734
005 20070906095312.73
010    @a978-7-03-016506-0@d¥26.00
100    @a20070906d km y0chiy0120 ea
101 0  @achi
200 1  @a电子元器件的选择与应用@Adian zi yuan qi jian de xuan ze yu ying yong@f[日]三宅和司著@F[ri]san zhai he si zhu@g张秀琴译@Gzhang xiu qin yi
210    @a北京@c科学出版社@d2006
215    @a174页@d20cm
606 0  @a电阻器
606 0  @a电位器
690    @aTM54:TM53@v3
701  0 @a日三宅和司@Ari san zhai he si@4著
702  0 @a张秀琴@Azhang xiu qin@4译
801  0 @aCN@bPFT@c20070906
905    @a213230@dTM54:TM53@ep7:5@f1
    
    电子元器件的选择与应用/[日]三宅和司著/张秀琴译.-北京:科学出版社,2006
    174页;20cm
    
    
    ISBN 978-7-03-016506-0:¥26.00
    
●
相关链接 在E读中查询图书 在五车中查询图书 在当当中查询图书 在豆瓣中查询图书


正题名:电子元器件的选择与应用     索取号:TM54:TM53/p7:5         预约/预借

序号 登录号 条形码 馆藏地/架位号 状态 备注
1 7202081   272020804   密集书库-文学院/ [索取号:TM54:TM53/p7:5] 在馆    
2 7202082   272020813   密集书库-文学院/ [索取号:TM54:TM53/p7:5] 在馆    
3 7202083   272020822   密集书库-文学院/ [索取号:TM54:TM53/p7:5] 在馆    
4 7202084   272020831   密集书库-文学院/ [索取号:TM54:TM53/p7:5] 在馆    
5 7202085   272020840   密集书库-文学院/ [索取号:TM54:TM53/p7:5] 在馆    
唐山师范学院图书馆 欢迎您!
大连网信软件有限公司© 版权所有